000 01123nam a2200253Ia 4500
999 _c5417
_d5417
003 OSt
005 20200522144513.0
008 191128s2008 sp gr 000 0 spa d
020 _a9788425914232
040 _aCO-JMCR
_cCO-JMCR
041 0 _aspa
082 0 4 _a330.092 /
_bS151r
_223
100 1 _aSánchez Garrido, Pablo,
_eautor
_94683
245 1 0 _aRaíces intelectuales de Amartya Sen :
_bAristóteles, Adam Smith, y Karl Marx /
_cPablo Sánchez Garrido
260 _aMadrid :
_bCentro de Estudios Políticos y Constitucionales,
_c2008
300 _a574 páginas ;
_c22 cm.
490 0 _aEl Derecho y la Justicia
500 _aBibliografía: páginas 541-568.
505 _aLa influencia de Aristóteles en la filosofía política de Amartya Sen -- La concepción aristotélica sobre ética, política y economía en Amartya Sen -- El enfoque de las capacidades y los funcionamientos y sus vínculos aristotélicos
650 1 4 _aSen, Amartya Kumar,
_94684
650 2 4 _aPensamiento político y social Aristóteles
_y384-322 a. de C.
_94685
650 2 4 _aPensamiento político y social
_94686
942 _2ddc
_cBK